000 01125nam a2200289 i 4500
001 13398
003 KOSZ 005
005 20200226122614.0
008 080701s1961 pl a f 000 0 pol
015 _aPB 1961/5920
035 _a(OCoLC)751443507
040 _aWA N
_cWA N
_dKOSZ 005/KK
080 _a624+626:526
100 1 _aLazzarini, Tadeusz
_d(1913-1986)
_eAutor
245 1 0 _aGeodezyjne pomiary odkształceń i ich zastosowanie w budownictwie /
_cTadeusz Lazzarini.
260 _aWarszawa :
_bPaństwowe Przedsiębiorstwo Wydawnictw Kartograficznych,
_c1961.
300 _a455 stron, [1] karta. tablice :
_bilustracje ;
_c24 cm.
336 _2rdacontent
_aTekst
_btxt
337 _2rdamedia
_aBez urządzenia pośredniczącego
_bn
338 _2rdacarrier
_aWolumin
_bnc
380 _aKsiążki.
504 _aBibliografia na stronach 449-455.
658 _aArchitektura i budownictwo
710 2 _aPaństwowe Przedsiębiorstwo Wydawnictw Kartograficznych
_4pbl.
856 _uhttp://koha.tu.koszalin.pl/cgi-bin/koha/opac-detail.pl?biblionumber=13398
_yKatalog online BPK
942 _2UKD
_cKS
999 _c13398
_d13398